Central Library and Information Centre
Sibsagar Girls' College, Sivasagar : Assam

U.M. SIKHYA (For H.S. XI) --NCERT (Record no. 19618)

MARC details
000 -LEADER
fixed length control field 00452cam a2200193ua 4500
008 - FIXED-LENGTH DATA ELEMENTS--GENERAL INFORMATION
fixed length control field 130824n II |||gr||||Z||||||asm
040 ## - CATALOGING SOURCE
Original cataloging agency MAIN
041 ## - LANGUAGE CODE
-- English
082 ## - DEWEY DECIMAL CLASSIFICATION NUMBER
Classification number 370 SAI
100 ## - MAIN ENTRY--PERSONAL NAME
Personal name SAIKIA, TARUN.
245 ## - TITLE STATEMENT
Title U.M. SIKHYA (For H.S. XI) --NCERT
250 ## - EDITION STATEMENT
Edition statement 9th.
260 ## - PUBLICATION, DISTRIBUTION, ETC.
Place of publication, distribution, etc. JORHAT:
Name of publisher, distributor, etc. BIDYA BHAWAN.,
Date of publication, distribution, etc. 2013.
300 ## - PHYSICAL DESCRIPTION
Extent 348:
Dimensions 20CM.
700 ## - ADDED ENTRY--PERSONAL NAME
Personal name SAIKIA, RUNU BORAH.
942 ## - ADDED ENTRY ELEMENTS (KOHA)
Koha item type Books
653 ## - INDEX TERM--UNCONTROLLED
Uncontrolled term Education
Holdings
Withdrawn status Lost status Damaged status Not for loan Collection code Home library Current library Shelving location Date acquired Full call number Barcode Date last seen Copy number Price effective from Koha item type Total Checkouts Date last checked out Public note
Withdrawn       TBEDU Central Library and Information Centre Sibsagar Girls College Central Library and Information Centre Sibsagar Girls College Education Reck 19.08.2013 370 SAI 29891 27.02.2020 2 27.02.2020 Books      
Withdrawn   Damaged   TBEDU Central Library and Information Centre Sibsagar Girls College Central Library and Information Centre Sibsagar Girls College EDUCATION BOOK RACK 19.08.2013 370 SAI 29892 14.09.2022 1 27.02.2020 Books 2 06.04.2022 V


Sibsagar Girl's College © 2020. All rights reserved.
Powered by Koha.
Maintained by Abhijit Borpuzari.